Oceans and Continents Quiz - Statistics

General Stats
  • This quiz has been taken 38 times
  • The average score is 10 of 12
Answer Stats
Hint Answer % Correct
Ocean Pacific Ocean
97%
Continent Africa
94%
Continent Asia
94%
Ocean Atlantic Ocean
94%
Continent Australia/Oceania
91%
Continent Europe
91%
Continent North America
91%
Continent South America
91%
Continent Antarctica
88%
Ocean Arctic Ocean
73%
Ocean Indian Ocean
58%
Ocean Southern Ocean
24%
No matching quizzes found
Score Distribution
Percent of People with Each Score
Percentile by Number Answered
Your Score History
You have not taken this quiz